Trh práce SR v kontexte globalizačných procesov

Vplyv globalizačných procesov na národné trhy práce. Dôležitosť schopnosti pracovnej sily prispôsobiť sa meniacim požiadavkám trhu práce. Základné črty trhu práce na Slovensku: vysoká úroveň dlhodobej nezamestnanosti, vysoká nezamestnanosť osôb s nízkym vzdelaním, vysoká nezamestnanosť mladých ľudí...

ver descrição completa

Na minha lista:
Detalhes bibliográficos
Autor principal: Husáková, Mária
Formato: Capítulo de Livro
Idioma:eslovaco
Assuntos:
Tags: Adicionar Tag
Sem tags, seja o primeiro a adicionar uma tag!

MARC

LEADER 00000nla$a2200000$$$4500
001 0066340
005 20240502071803.9
041 0 |a slo 
044 |a SK 
245 1 0 |a Trh práce SR v kontexte globalizačných procesov  |c Mária Husáková 
520 |a Vplyv globalizačných procesov na národné trhy práce. Dôležitosť schopnosti pracovnej sily prispôsobiť sa meniacim požiadavkám trhu práce. Základné črty trhu práce na Slovensku: vysoká úroveň dlhodobej nezamestnanosti, vysoká nezamestnanosť osôb s nízkym vzdelaním, vysoká nezamestnanosť mladých ľudí a veľké regionálne rozdiely. Požiadavka posilnenia politík zameraných na tvorbu pracovných miest, širokého uplatnenia flexibility na trhu práce a zvyšovania účinnosti opatrení aktívnej politiky trhu práce. 
610 2 0 |a trh práce 
610 2 0 |a zamestnanosť 
610 2 0 |a nezamestnanosť 
610 2 0 |a sily pracovné 
610 2 0 |a pohyb síl pracovných 
610 2 0 |a miesta pracovné 
610 2 0 |a vzdelanie 
610 2 0 |a kvalifikácia 
610 2 0 |a globalizácia 
100 1 |a Husáková, Mária